The Limitation Act (IX of 1908). / (Record no. 47197)
[ view plain ]
| 000 -LEADER | |
|---|---|
| fixed length control field | 00886nam a2200289 a 4500 |
| 001 - CONTROL NUMBER | |
| control field | 47197 |
| 003 - CONTROL NUMBER IDENTIFIER | |
| rucl marc code | BD-RjUL |
| 005 - DATE AND TIME OF LATEST TRANSACTION | |
| control field | 20211209054256.0 |
| 008 - FIXED-LENGTH DATA ELEMENTS--GENERAL INFORMATION | |
| fixed length control field | 160807s1965 pk l 001 0 eng |
| 035 ## - SYSTEM CONTROL NUMBER | |
| System control number | (BD-RjUL)47316 |
| 040 ## - CATALOGING SOURCE | |
| Original cataloging agency | DLC |
| Transcribing agency | DLC |
| Language of cataloging | eng |
| 041 ## - LANGUAGE CODE | |
| Language code of text/sound track or separate title | eng |
| 082 ## - DEWEY DECIMAL CLASSIFICATION NUMBER | |
| Classification number | 344.5491018914 |
| Author mark and year | CHL 1965 |
| 100 ## - MAIN ENTRY--PERSONAL NAME | |
| Personal name | Choudhry, A. M. |
| 9 (RLIN) | 143715 |
| 110 1# - MAIN ENTRY--CORPORATE NAME | |
| Corporate name or jurisdiction name as entry element | Bangladesh. |
| 9 (RLIN) | 143718 |
| 245 10 - TITLE STATEMENT | |
| Title | The Limitation Act (IX of 1908). / |
| Statement of responsibility, etc. | A. M. Choudhry ; Raja Said Akbar Khan |
| 250 ## - EDITION STATEMENT | |
| Edition statement | 4th ed. |
| 260 ## - PUBLICATION, DISTRIBUTION, ETC. (IMPRINT) | |
| Place of publication, distribution, etc. | Lahore : |
| Name of publisher, distributor, etc. | All Pakistan Legal Decisions, |
| Date of publication, distribution, etc. | 1965 |
| 300 ## - PHYSICAL DESCRIPTION | |
| Pagination | 132 p. ; |
| Size | 25 cm. |
| 500 ## - GENERAL NOTE | |
| General note | Includes index. |
| 520 ## - SUMMARY, ETC. | |
| Summary, etc. | With latest amendments and up-to-date case laws. |
| 650 #0 - SUBJECT ADDED ENTRY--TOPICAL TERM | |
| Topical term or geographic name as entry element | Arbitration and award |
| Geographic subdivision | Pakistan |
| 9 (RLIN) | 143496 |
| 700 ## - ADDED ENTRY--PERSONAL NAME | |
| Personal name | Khan, Raja Said Akbar |
| 942 ## - ADDED ENTRY ELEMENTS (KOHA) | |
| Source of classification or shelving scheme | Dewey Decimal Classification |
| Koha item type | Books |
| Lost status | Source of classification or shelving scheme | Damaged status | Not for loan | Collection code | Permanent Location | Current Location | Shelving location | Date acquired | Source of acquisition | Cost, normal purchase price | Total Checkouts | Full call number | Date last seen | Copy number | Koha item type |
|---|---|---|---|---|---|---|---|---|---|---|---|---|---|---|---|
| Dewey Decimal Classification | Non-fiction | Central Library, University of Rajshahi | Central Library, University of Rajshahi | 16/08/1968 | Warsi Book Corporatin | 7.20 | 344.5491018914 CHL 1965 | 07/08/2016 | C-2 | Books | |||||
| Dewey Decimal Classification | Non-fiction | Central Library, University of Rajshahi | Central Library, University of Rajshahi | 16/08/1968 | Warsi Book Corporatin | 7.20 | 344.5491018914 CHL 1965 | 07/08/2016 | C-3 | Books |